000 00566nam a22001697a 4500
003 OSt
005 20251106003942.0
008 251106b |||||||| |||| 00| 0 eng d
020 _a0-14-071463-4
040 _aDWCL-Main lib
_cOC
082 _aCirc. 822.3 Sh527 1985
100 _aShakespeare, W.
245 _aThe tragedy of Othello :
_b the moor of Venice
_cShakespeare, William
260 _aNew York :
_bPenguin Books,
_cc1985
300 _alvi, 145 pages :
_c 20 cm.
942 _2ddc
_cBK-CIRC
_hCirc. 822.3 Sh527 1985
_kCirc.
_n0
999 _c5510
_d5510